Sahara : (Record no. 90235)

MARC details
000 -LEADER
fixed length control field 00554nam a22001817a 4500
005 - DATE AND TIME OF LATEST TRANSACTION
control field 20141212121936.0
010 ## - LCCN (DPL NO)
LC control number ENG-111330
020 ## - INTERNATIONAL STANDARD BOOK NUMBER
International Standard Book Number 9788184985535
Terms of availability 499.00
035 ## - SYSTEM CONTROL NUMBER
System control number EN-94862
037 ## - SOURCE OF ACQUISITION
Source of stock number/acquisition DBAD/PUB
082 ## - DEWEY DECIMAL CLASSIFICATION NUMBER
Classification number 916.60433
100 ## - MAIN ENTRY--PERSONAL NAME
Personal name Constant, Paula
245 ## - TITLE STATEMENT
Title Sahara :
Statement of responsibility, etc by Paula Constant
Remainder of title a journey of love, loss and survival /
260 ## - PUBLICATION, DISTRIBUTION, ETC. (IMPRINT)
Place of publication, distribution, etc Pune
Name of publisher, distributor, etc Mehta Publishing House
Date of publication, distribution, etc 2014
270 ## - ADDRESS
Address 1941, Sadashiv Peth, Madiwale Colony
City Pune
Postal code 411030
300 ## - PHYSICAL DESCRIPTION
Extent 415p.
Dimensions 23cm(pbk)
942 ## - ADDED ENTRY ELEMENTS (KOHA)
Source of classification or shelving scheme Dewey Decimal Classification
Item type English Books
Call number suffix CON
Classification part 916.60433
Holdings
Withdrawn status Lost status Not for loan Collection code Home library Current library Date acquired Source of acquisition Cost, normal purchase price Full call number Barcode Copy number Cost, replacement price Koha item type
    Not For Loan Non-fiction D.B.Act.Division D.B.Act.Division 24/11/2014 DBAD/PUB 499.00 916.60433 CON EN-94862 1 499.00 English Books

© Delhi Public Library
Hit Counter
free hit counter